| 000 | 00558nam a22001697a 4500 | ||
|---|---|---|---|
| 005 | 20170515111546.0 | ||
| 010 | _aENG-118137 | ||
| 020 |
_a9789385494086 _c995.00 |
||
| 035 | _aEN-101669 | ||
| 037 | _bDBAD/PUB | ||
| 082 | _a954.035092 | ||
| 245 |
_aPt. deen dayal upadhyay / _cEdited by Kunwar Ishwar Singh Rathore |
||
| 260 |
_aNew Delhi _bFalguni Publishers & Distributors _c2016 |
||
| 270 | _a204, IInd Floor, Durga Complex, CSC, Mayur Vihar-II, New Delhi-110092 | ||
| 300 |
_a158p _c23cm.(Hb) |
||
| 942 |
_2ddc _cEN _h954.035092 _mPTD |
||
| 999 |
_c139837 _d139837 |
||